000 00269nam a2200097Ia 4500
005 20250424112854.0
008 250424s9999 xx 000 0 und d
300 _aix, 54 p. :ill. ; 28 cm.
650 _aJournal of research in innovative teaching and learning
942 _cSR
999 _c37628
_d37628